Frontiers in energy

Detalles Bibliográficos
Título anterior:Frontiers of energy and power engineering in China
Formato: Electrónico Revista
Lenguaje:inglés
Publicado: [Beijing] : Higher Education Press of China : Springer, 2011-
Materias:
Acceso en línea:Full text available from Research Library: 2011 to 12/31/2018

MARC

LEADER 00000nas a2200000 i 4500
001 ssj0001105072
003 WaSeSS
005 20200512172242.0
006 m d
007 cr n
008 060630c20119999cc qr pos 0 a0eng d
022 |a 2095-1698  |l 2095-1698  |y 2095-1701 
035 |a (WaSeSS)ssj0001105072 
040 |a WaSeSS  |b eng  |c WaSeSS  |d WaSeSS 
050 4 |a TJ163.13 
210 1 |a Front. Energy  |b (Online) 
222 0 |a Frontiers in Energy  |b (Online) 
245 0 0 |a Frontiers in energy  |h [electronic resource]. 
260 |a [Beijing] :  |b Higher Education Press of China :  |b Springer,  |c 2011- 
310 |a Quarterly 
362 1 |a Began with Volume 5, Issue 1 (March 2011). 
506 |a License restrictions may limit access. 
588 |a Description based on: Volume 5, Issue 1 (March 2011); title from table of contents page (Springer, viewed Feb. 13, 2014).  
588 |a Latest issue consulted: Volume 7, Issue 4 (December 2013) (viewed Feb. 13, 2014). 
650 0 |a Power resources  |v Periodicals. 
650 0 |a Energy development  |v Periodicals. 
655 0 |a Electronic journals. 
776 0 8 |i Print version:   |t Frontiers in Energy  |x 2095-1701 
780 0 0 |t Frontiers of energy and power engineering in China  |x 1673-7504 
856 4 0 |z Full text available from Research Library: 2011 to 12/31/2018  |u https://search.proquest.com/publication/54393